The team /

Fourteen-year-old Ruth acquires what is considered an unsuitable pony and determines to train him so that she can become a member of the Pony Club team. Sequel to "Fly-by-Night."

Bibliographic Details
Main Author: Peyton, K. M.
Format: Book
Language:English
Published: New York : Crowell, 1976
Subjects:

MARC

Tag First Indicator Second Indicator Subfields
LEADER 00000cam a2200000 a 4500
001 in00000088770
005 20151008063235.0
008 751006c1976 nyua j 00011 engm
010 |a  75034092  
020 |a 0690010834 
035 |a (OCoLC)01849068 
035 |9 AAK1854AM 
040 |a DLC  |c DLC  |d OCL  |d TXA  |d UtOrBLW 
043 |a e-uk-en 
049 |a [Curr Col] TXAM  |c [1805982] 
050 0 0 |a PZ7 P4483  |b  Te4 
082 0 |a [Fic] 
100 1 |a Peyton, K. M. 
245 1 4 |a The team /  |c K.M. Peyton ; illustrated by the author. 
264 1 |a New York :  |b Crowell,  |c 1976 
264 4 |c ©1975 
300 |a 213 pages :  |b illustrations ;  |c 21 cm. 
336 |a text  |b txt  |2 rdacontent 
337 |a unmediated  |b n  |2 rdamedia 
338 |a volume  |b nc  |2 rdacarrier 
520 |a Fourteen-year-old Ruth acquires what is considered an unsuitable pony and determines to train him so that she can become a member of the Pony Club team. Sequel to "Fly-by-Night." 
650 1 |a Horses  |x Fiction. 
651 1 |a England  |x Fiction. 
999 |a MARS 
999 f f |s 8bdd1b80-cebb-3707-ada7-bb9b64c8c0db  |i 97ab4b6f-4da2-3fe1-a1c4-785b1793ea6d  |t 0 
952 f f |p normal  |a Texas A&M University  |b College Station  |c Sterling C. Evans Library  |d Evans: Curriculum Collection (4th floor)  |t 0  |e PZ7 P4483 Te4  |h Library of Congress classification  |i unmediated -- volume  |m A14805974748 
998 f f |a PZ7 P4483 Te4  |t 0  |l Evans: Curriculum Collection (4th floor)